000 00683nam a2200193 i 4500
001 30879
003 ES-MaACL
005 20250830034005.0
007 t|
008 030127m19031905sp ||||1| spa d
100 1 _aBello, Andrés.
_927233
245 1 0 _aGramática de la lengua castellana /
_cAndrés Bello.
260 _aMadrid :
_b[s.n.,
_c1903-1905] (
_fSucesores de Rivadeneyra)
300 _a2 v. ;
_c17 cm.
490 1 _aColección de escritos castellanos. Obras completas de Andrés Bello ;
_v6, 8
830 0 0 _aColección de escritos castellanos.
_pObras completas de Andrés Bello
_v6, 8
_9229352
852 _aES-MaACL
_jF-12422-23
999 _c30879
_d30879